Куриный бульон для души (Запись № 11118285)

Подробности
000 -МАРКЕР
контрольное поле 01765nam0a2200349 4500
001 - ИДЕНТИФИКАТОР ЗАПИСИ
контрольное поле RU\NLR\BIBL_A\011945875
005 - ИДЕНТИФИКАТОР ВЕРСИИ
контрольное поле 20190315165159.0
010 ## - МЕЖДУНАРОДНЫЙ СТАНДАРТНЫЙ НОМЕР КНИГИ (ISBN)
Номер (ISBN) 978-5-699-87785-0
Тираж 7000
021 ## - НОМЕР ГОСУДАРСТВЕННОЙ РЕГИСТРАЦИИ
Код страны Российская Федерация
Номер КН-П-18-090814
Номер Листа государственной регистраци КН-П-18-0216
035 ## - ДРУГИЕ СИСТЕМНЫЕ НОМЕРА
Идентификатор записи (NLR Aleph) 011945875
035 ## - ДРУГИЕ СИСТЕМНЫЕ НОМЕРА
Идентификатор записи (RuMoRGB)009825582
100 ## - ДАННЫЕ ОБЩЕЙ ОБРАБОТКИ
Данные общей обработки 20190225d2019 u y0rusy50 ca
101 1# - ЯЗЫК РЕСУРСА
Язык текста, звукозаписи и т.д. русский
Язык оригинала английский
102 ## - СТРАНА ПУБЛИКАЦИИ ИЛИ ПРОИЗВОДСТВА
Страна публикации Российская Федерация
105 ## - ПОЛЕ КОДИРОВАННЫХ ДАННЫХ: ТЕКСТОВЫЕ МАТЕРИАЛЫ, МОНОГРАФИЧЕСКИЕ
Кодированные данные о монографическом текстовом документе y|||zzzz000zy
200 1# - ЗАГЛАВИЕ И СВЕДЕНИЯ ОБ ОТВЕТСТВЕННОСТИ
Основное заглавие Куриный бульон для души
Сведения, относящиеся к заглавию 101 история о любви, которая открывает сердце и исцеляет душу
Первые сведения об ответственности Джек Кэнфилд, Марк Виктор Хансен, Эми Ньюмарк
Последующие сведения об ответственности предисловие Кристи Ямагучи и Брет Хедикэн
-- [пер. с англ. И. В. Новиковой]
210 ## - ПУБЛИКАЦИЯ, РАСПРОСТРАНЕНИЕ И ДР.
Место издания, распространения и т.д. Москва
Имя издателя, распространителя и т. д. Эксмо
-- Бомбора
Дата издания, распространения и т.д. 2019
215 ## - ФИЗИЧЕСКАЯ ХАРАКТЕРИСТИКА
Специфическое обозначение материала и объем 444, [1] с.
Размеры 22
225 1# - СЕРИЯ
Основное заглавие серии Куриный бульон для души
300 ## - ОБЩИЕ ПРИМЕЧАНИЯ
Текст примечания Загл. и авт. ориг.: Chicken soup for the soul / Jack Canfield, Mark Victor Hansen, Amy Newmark
333 ## - ПРИМЕЧАНИЯ ОБ ОСОБЕННОСТЯХ РАСПРОСТРАНЕНИЯ И ИСПОЛЬЗОВАНИЯ
Текст примечания 16+
454 #0 - ОРИГИНАЛ (ПЕРЕВОДА)
Встроенное поле 2001#$aChicken soup for the soul
-- 700#1$bCanfield$gJ.$f1944-$aJack
-- 701#1$aHansen$bM. V.$f1948-$gMark Victor
-- 701#1$aNewmark$bA.$gAmy
606 1# - НАИМЕНОВАНИЕ ТЕМЫ КАК ПРЕДМЕТ
Наименование темы Любовь
Тематический подзаголовок в художественной литературе
Код системы nlr_sh2
Идентификатор авторитетной/нормативной записи RU\NLR\AUTH\66679756
686 1# - ИНДЕКСЫ ДРУГИХ КЛАССИФИКАЦИЙ
Индекс Ш6(7США)67-440.5я43{Лх1979-80сб}
700 #1 - ИМЯ ЛИЦА - ПЕРВИЧНАЯ ОТВЕТСТВЕННОСТЬ
Начальный элемент ввода Кэнфилд
Часть имени, кроме начального элемента ввода Д.
Даты 1944-
Расширение инициалов личного имени Джек
Идентификатор авторитетной/нормативной записи RU\NLR\AUTH\770169440
701 #1 - ИМЯ ЛИЦА - АЛЬТЕРНАТИВНАЯ ОТВЕТСТВЕННОСТЬ
Начальный элемент ввода Хансен
Часть имени, кроме начального элемента ввода М. В.
Даты 1948-
Расширение инициалов личного имени Марк Виктор
701 #1 - ИМЯ ЛИЦА - АЛЬТЕРНАТИВНАЯ ОТВЕТСТВЕННОСТЬ
Начальный элемент ввода Ньюмарк
Часть имени, кроме начального элемента ввода Э.
Расширение инициалов личного имени Эми
942 ## - ДОПОЛНИТЕЛЬНЫЕ ЭЛЕМЕНТЫ ЗАПИСИ (АБИС)
Тип экземпляра АБИС Книга
980 ## - КОЛЛЕКЦИЯ
Название коллекции Национальная библиография
Экземпляры
Тип экземпляра Дата поступления Источник поступления Библиотека постоянного хранения Библиотека текущего хранения Место хранения Шифр хранения Штрих-код Статус экземпляра
Книга 25.02.2019 Обязательный экземпляр РНБ (Московский) РНБ (Московский) Русский книжный фонд: издания с 1957 года 2019-5/1413 1-2631788